000
00272nam a2200109Ia 4500
008
200302s9999 xx 000 0 und d
100
_a
J. M. Richards
245
_a
New Buildings in the Commonwealth
260
_b
The Architectural Press
260
_c
1961
300
_a
240 P.,
999
_c
2321
_d
2321